LEADER 00632nam0 2200229 450 001 000001397 005 20081107120552.0 100 $a20000512d1977----km-y0itay50------ba 101 0 $aita 102 $aIT 200 1 $aElementi di algebra$fMaria Tallini Scafati 210 $a[Napoli]$cLiguori$d1977 215 $a368 p.$d24 cm 610 1 $aAlgebra 676 $a512 700 1$aTallini Scafati,$bMaria$0440296 801 0$aIT$bUNIPARTHENOPE$gRICA$2UNIMARC 912 $a000001397 951 $cPIST$aP1 512-E/1$b22673$d20000516 951 $aM 512/3$bM 182$cDSA$d2008 996 $aElementi di algebra$91223125 997 $aUNIPARTHENOPE LEADER 01120nam 2200385 450 001 9910155427103321 005 20230808200910.0 010 $a3-645-20511-X 035 $a(CKB)3710000000974569 035 $a(EXLCZ)993710000000974569 100 $a20161229h20162016 uy 0 101 0 $ager 135 $aurcnu|||||||| 181 $2rdacontent 182 $2rdamedia 183 $2rdacarrier 200 10$aFotografie mit der Canon PowerShot G5 X /$fAndreas Herrmann 210 1$aMunich, [Germany] :$cFranzis,$d2016. 210 4$dİ2016 215 $a1 online resource (225 pages) $ccolor illustrations, photographs 300 $aIncludes index. 311 $a3-645-60511-8 606 $aCanon digital cameras 606 $aPhotography$xDigital techniques 615 0$aCanon digital cameras. 615 0$aPhotography$xDigital techniques. 676 $a771.3 700 $aHerrmann$b Andreas$0254598 801 0$bMiAaPQ 801 1$bMiAaPQ 801 2$bMiAaPQ 906 $aBOOK 912 $a9910155427103321 996 $aFotografie mit der Canon PowerShot G5 X$93407791 997 $aUNINA